书目信息 |
| 题名: |
翻译与文学之间
|
|
| 作者: | 王宏志 著 | |
| 分册: | ||
| 出版信息: | 南京 南京大学出版社 2011.2 |
|
| 页数: | 374页 | |
| 开本: | 22cm | |
| 丛书名: | ||
| 单 册: | ||
| 中图分类: | I209.5 | |
| 科图分类: | ||
| 主题词: | 文学翻译--中国--近代--文集 , 文学翻译 | |
| 电子资源: | ||
| ISBN: | 978-7-305-07986-3 | |
| 000 | 00789nam0 2200241 45 | |
| 001 | 515 | |
| 005 | 20120601084725.34 | |
| 010 | @a978-7-305-07986-3@dCNY39.80 | |
| 100 | @a20120328d2011 em y0chiy50 ea | |
| 101 | 0 | @achi |
| 102 | @aCN@b320000 | |
| 105 | @ay z 000yy | |
| 106 | @ar | |
| 200 | 1 | @a翻译与文学之间@AFan Yi Yu Wen Xue Zhi Jian@f王宏志著@FWang Hong Zhi Zhu |
| 210 | @a南京@c南京大学出版社@d2011.2 | |
| 215 | @a374页@d22cm | |
| 330 | @a本书主要内容包括:“叛逆”的译者:中国翻译史上所见统治者对翻译的焦虑;权力与翻译:晚清翻译活动赞助人的考察;京师同文馆与晚清翻译等。 | |
| 606 | 0 | @a文学翻译@y中国@z近代@j文集 |
| 606 | 0 | @a文学翻译 |
| 690 | @aI209.5@v4 | |
| 701 | 0 | @a王宏志@AWang Hong Zhi@4著 |
| 801 | 0 | @aCN@bTSTCL@c20120328 |
| 905 | @b0814448-54@dI209.5@e305@f7 | |
| 翻译与文学之间/王宏志著.-南京:南京大学出版社,2011.2 |
| 374页;22cm |
| ISBN 978-7-305-07986-3:CNY39.80 |
| 本书主要内容包括:“叛逆”的译者:中国翻译史上所见统治者对翻译的焦虑;权力与翻译:晚清翻译活动赞助人的考察;京师同文馆与晚清翻译等。 |
| ● |
| 相关链接 |
|
|
|
|
正题名:翻译与文学之间
索取号:I209.5/305
 
预约/预借
| 序号 | 登录号 | 条形码 | 馆藏地/架位号 | 状态 | 备注 |
| 1 | 0814448 | 208144480 | 第一样本阅览室/ [索取号:I209.5/305] | 在馆 | |
| 2 | 0814449 | 208144499 | 第二借阅区/ [索取号:I209.5/305] | 在馆 | |
| 3 | 0814450 | 208144505 | 第二借阅区/ [索取号:I209.5/305] | 在馆 | |
| 4 | 0814451 | 208144514 | 第二借阅区/ [索取号:I209.5/305] | 在馆 | |
| 5 | 0814452 | 208144523 | 第二借阅区/ [索取号:I209.5/305] | 在馆 | |
| 6 | 0814453 | 208144532 | 第二借阅区/ [索取号:I209.5/305] | 在馆 | |
| 7 | 0814454 | 208144541 | 第二借阅区/ [索取号:I209.5/305] | 在馆 |